000 00757cab a2200277 4500
001 WB3333-18
008 090401t1997 xxu||||| |||| 00| 0 eng d
035 _a(Sirsi) u80371
041 _aeng
245 _aDevelopment agency
260 _c1997
350 _a0
490 _aWestern Morning News
_v14 August 1997, 8-9(2) LOAN
520 _aOverview of the projects proposed under the new Westcountry development agency.
650 _aCORNWALL
650 _aDEVELOPMENT AGENCIES
650 _aDEVON
650 _aEXETER
650 _aPLYMOUTH
650 _aREGIONAL DEVELOPMENT
650 _aWESTCOUNTRY DEVELOPMENT CORPORATION
650 _aWESTCOUNTRY
690 _aPROPERTY-PROPERTY DEVELOPMENT
942 _n0
948 _c20/08/1997
999 _c50619
_d50619